|
|
|
|
| LEADER |
00839nam a22002292a 4500 |
| 001 |
000943574 |
| 003 |
CZ BrMZK |
| 005 |
20090605104030.0 |
| 007 |
ta |
| 008 |
090604s1961 xr er|||||||||||cze d |
| 040 |
|
|
|b cze
|c BOA001
|
| 100 |
1 |
|
|a Mikuláš, Jiří
|4 aut
|
| 245 |
1 |
0 |
|a Základy programování a obsluhy samočinného počítače National Elliott 803.
|n Díl 1-2,
|p Základy programování.
|p Symbolické programování /
|c Jiří Mikuláš
|
| 246 |
3 |
0 |
|a Symbolické programování
|
| 246 |
3 |
0 |
|a Základy programování
|
| 250 |
|
|
|a 2. vyd.
|
| 260 |
|
|
|a [Brno] :
|b Vojenská akademie Antonína Zápotockého,
|c 1961
|
| 300 |
|
|
|a 116, 56 s., 6 s. příl.
|
| 910 |
|
|
|a BOA001
|b TK-A-0141.077,1-2
|
| 990 |
|
|
|a BK
|
| 991 |
|
|
|b 200906
|
| 996 |
7 |
|
|b 2629947460
|c TK-A-0141.077,1-2
|l MZK
|r Sklad / do 24 hodin
|n 1
|w 000943574
|u 000010
|a 1
|e BOA001
|j MZK50
|s A
|